| 000 | 00470nam a2200169Ia 4500 | ||
|---|---|---|---|
| 999 |
_c36897 _d36897 |
||
| 003 | OSt | ||
| 005 | 20210127123649.0 | ||
| 008 | 190216s9999||||xx |||||||||||||| ||und|| | ||
| 040 | _coclc | ||
| 082 |
_a153.43 _bPUB/T |
||
| 100 |
_aPublishers _93512 |
||
| 245 | 0 |
_aTest Of Reasoning / _cPublishers |
|
| 260 |
_bSudha Publications, _c2005. _aNew Delhi: |
||
| 300 | _a249p | ||
| 650 | _aReferences | ||
| 942 |
_cREF _2ddc _h153.43 _iPUB/T _k153.43 _mPUB/T |
||